| 000 | 01178pab a2200193 454500 | ||
|---|---|---|---|
| 008 | 180718b2017 xxu||||| |||| 00| 0 eng d | ||
| 100 | _aCharbonneau, Etienne | ||
| 245 | _aExploring the deep antecedent of public service motivation | ||
| 260 | _c2017 | ||
| 300 | _ap.401-407. | ||
| 362 | _aApr | ||
| 520 | _aContrarily to most studies of the antecedents of public service motivation (PSM) focusing on the proximal work environment or personal characteristics, we seek to explore plausibly important deep antecedents of PSM that lie in the formative years of a person's upbringing. Using an online survey of public service professionals that asked detailed background questions, we find that three deep antecedents are associated with lower overall PSM and its constitutive elements: growing up in a religious family, growing up in a family with a conservative point of view, and (surprisingly) being raised by a parent who served in the military. - Reproduced. | ||
| 650 | _aPublic administration | ||
| 650 | _aPublic utilities | ||
| 650 | _aMotivation | ||
| 700 | _aRyzin, Gregg G. Van | ||
| 773 | _aInternational Journal of Public Administration | ||
| 909 | _a115330 | ||
| 999 |
_c115324 _d115324 |
||